Educación matemática: 1º básico, texto para el estudiante

Gespeichert in:
Bibliographische Detailangaben
Hauptverfasser: Balmaceda Riera, Carmen (VerfasserIn), Frías Barea, Mónica (VerfasserIn), Frías Barea, Patricia (VerfasserIn)
Format: Buch
Sprache:Spanisch
Veröffentlicht: Santiago Zig-Zag 2002
Schlagworte:
Tags: Tag hinzufügen
Keine Tags, Fügen Sie den ersten Tag hinzu!

MARC

LEADER 00000nam a2200000 a 4500
001 UCL2179
003 CL-VaPUC
008 031010e20020000CL |||||||||||||||||spa|d
020 |a 9165214377 
082 0 4 |a 372.7  |b BAL  |2 21 
100 0 |a Balmaceda Riera, Carmen  |e author  |9 479220 
700 0 |a Frías Barea, Mónica  |e author  |9 479221 
700 0 |a Frías Barea, Patricia  |e author  |9 479222 
245 1 0 |a Educación matemática: 1º básico, texto para el estudiante 
300 |a 167 p 
942 |c BK 
945 |d 20031010 00:00:00  |a cmena 
260 |a Santiago  |b Zig-Zag  |c 2002 
650 0 |a Matemática  |9 260235 
650 0 |a Educación básica   |9 224933 
650 0 |a Matemáticas  |x Enseñanza  |9 875527 
650 0 |a Métodos de enseñanza  |9 270413 
583 |a last modification  |c 20170816 01:00:26  |k Rodrigo Vera 
999 |c 305537  |d 305535 
952 |0 0  |1 0  |4 0  |6 372_700000000000000_BAL_2002  |7 0  |8 P  |9 369607  |a BIBEDU  |b BIBEDU  |d 2019-11-21  |i 3949354  |o 372.7 BAL 2002  |p 3949354  |r 2019-11-21  |w 2019-11-21  |y BK  |k EBA 
952 |0 0  |1 0  |4 0  |6 372_700000000000000_BAL_2002  |7 0  |8 P  |9 369608  |a BIBEDU  |b BIBEDU  |d 2019-11-21  |i 3949362  |o 372.7 BAL 2002  |p 3949362  |r 2019-11-21  |w 2019-11-21  |y BK  |k EBA 
952 |0 0  |1 0  |4 0  |6 372_700000000000000_BAL_2002  |7 0  |8 P  |9 369609  |a BIBEDU  |b BIBEDU  |c BIBEDU_PB  |d 2019-11-21  |i 3949370  |o 372.7 BAL 2002  |p 3949370  |r 2024-01-25  |w 2019-11-21  |y BK  |k EBA 
952 |0 0  |1 0  |4 0  |6 372_700000000000000_BAL_2002  |7 0  |8 P  |9 369610  |a BIBEDU  |b BIBEDU  |d 2019-11-21  |i 3949400  |o 372.7 BAL 2002  |p 3949400  |r 2019-11-21  |w 2019-11-21  |y BK  |k EBA 
952 |0 0  |1 0  |4 0  |6 372_700000000000000_BAL_2002  |7 0  |8 P  |9 369611  |a BIBEDU  |b BIBEDU  |d 2019-11-21  |i 3949427  |o 372.7 BAL 2002  |p 3949427  |r 2019-11-21  |w 2019-11-21  |y BK  |k EBA 
952 |0 0  |1 0  |4 0  |6 372_700000000000000_BAL_2002  |7 0  |8 A  |9 369612  |a BIBMAT  |b BIBMAT  |c E_DIDACT  |d 2019-11-21  |i 405315K  |o 372.7 BAL 2002  |p 405315K  |r 2025-01-07  |w 2019-11-21  |y BK  |k MAT 
952 |0 0  |1 0  |4 0  |6 372_700000000000000_BAL_2002  |7 0  |8 A  |9 369615  |a BIBMAT  |b BIBMAT  |c E_DIDACT  |d 2019-11-21  |i 4053184  |o 372.7 BAL 2002  |p 4053184  |r 2025-01-07  |w 2019-11-21  |y BK  |k MAT 
952 |0 0  |1 0  |4 0  |6 372_700000000000000_BAL_2002  |7 0  |8 A  |9 369616  |a BIBMAT  |b BIBMAT  |c E_DIDACT  |d 2019-11-21  |i 4053192  |o 372.7 BAL 2002  |p 4053192  |r 2025-01-07  |w 2019-11-21  |y BK  |k MAT